rów babicze - SZEŚCIOPAK - Statystyki

Ogólne statystyki
  • Ten quiz został rozwiązany 6 razy
  • Średni wynik to 5 z 6
Statystyki odpowiedzi
SZEŚCIOPAK % Poprawnych
Per pan
100%
Ale
83%
Jak poznałem waszą matkę
83%
Wracam do domu
83%
Nie marudź
67%
Raz się żyje
67%
Nie znaleziono quizów pasujących do podanych kryteriów
Rozkład punktacji
Procent ludzi z każdym wynikiem
Percentyl według liczby udzielonych odpowiedzi
Twoja historia wyników
Nie rozwiązałeś tego quizu